ASIAN BUSINESS AND MANAGEMENT (Record no. 29000)
[ view plain ]
| 000 -LEADER | |
|---|---|
| fixed length control field | 00342nam a2200145Ia 4500 |
| 008 - FIXED-LENGTH DATA ELEMENTS--GENERAL INFORMATION | |
| fixed length control field | 240624s9999 xx 000 0 und d |
| 041 ## - LANGUAGE CODE | |
| Language code of text/sound track or separate title | eng |
| 082 ## - DEWEY DECIMAL CLASSIFICATION NUMBER | |
| Classification number | 658 WIT |
| 100 ## - MAIN ENTRY--PERSONAL NAME | |
| Personal name | WITT MICHAEL A |
| 245 ## - TITLE STATEMENT | |
| Title | ASIAN BUSINESS AND MANAGEMENT |
| 260 ## - PUBLICATION, DISTRIBUTION, ETC. | |
| Date of publication, distribution, etc. | 2012 |
| Place of publication, distribution, etc. | London |
| Name of publisher, distributor, etc. | Sage |
| 300 ## - PHYSICAL DESCRIPTION | |
| Extent | li, 381 p.; 23 cm. |
| 365 ## - TRADE PRICE | |
| Currency code | BPS |
| Price amount | 38 |
| 440 ## - SERIES STATEMENT/ADDED ENTRY--TITLE | |
| Volume/sequential designation | 8 |
| Withdrawn status | Lost status | Damaged status | Not for loan | Home library | Current library | Shelving location | Date acquired | Cost, normal purchase price | Full call number | Barcode | Date last seen | Copy number | Price effective from | Koha item type |
|---|---|---|---|---|---|---|---|---|---|---|---|---|---|---|
| IMTN | IMTN | Rack 21-B | 08/21/2017 | 1250.00 | 658 WIT | 29000 | 06/24/2024 | 85.7 | 06/24/2024 | Books |